• 首页
  • 本馆介绍
  • 公告通知
  • 最新文献
  • 馆藏检索
  • 电子资源
  • 读者导购
  • 参考咨询
  • 我的图书馆
  • 登录
  • 详细信息显示
  • 放入我的书架
  • 预约/预借图书
  • 作者相关作品
  • 分类相关作品
  • 丛书相关作品
  • 出版社相关作品

书目信息

  • 表格格式
  • 工作单格式
  • 卡片格式
题名:
准晶材料储氢研究
    
 
作者: 刘万强 , 段潜 , 王立民 著
分册:  
出版信息: 北京   国防工业出版社  2013.06
页数: 129页
开本: 21cm
丛书名: 博士点基金项目科研成果丛书
单 册:
中图分类: TG139
科图分类:
主题词: 准晶体--储氢合金--研究 , 准晶体 , 储氢合金
电子资源:
ISBN: 978-7-118-08857-1
000 01104oam2 2200313 450
001 010700150088
005 20140611151614.39
010    @a978-7-118-08857-1@dCNY48.00
100    @a20130906d2013 em y0chiy0110 ea
101 0  @achi
102    @aCN@b110000
105    @aak z 000yy
106    @ar
200 1  @a准晶材料储氢研究@9zhun jing cai liao chu qing yan jiu@f刘万强,段潜,王立民著
210    @a北京@c国防工业出版社@d2013.06
215    @a129页@c图@d21cm
225 2  @a博士点基金项目科研成果丛书@i材料类
330    @a本书主要以Ti-Zr-Ni-Cu和Ti-V-Ni准晶为初始材料,重点研究准晶复相材料的电化学储氢性能;主要内容包括:实验部分、Ti-Zr系准晶电极的电化学储氢性能、Ti-Zr-Ni系准晶电极材料的电化学储氢特征等。
333    @a准晶材料储氢研究相关人员
462  0 @12001 @a博士点基金项目科研成果丛书@i材料类
606 0  @a准晶体@x储氢合金@x研究
606 0  @a准晶体
606 0  @a储氢合金
690    @aTG139@v5
701  0 @a刘万强@9liu wan qiang@4著
701  0 @a段潜@9duan qian@4著
701  0 @a王立民@9wang li min@4著
801  0 @aCN@b人天书店@c20130906
905    @b548777-79@dTG139@e50@f3
    
    准晶材料储氢研究/刘万强,段潜,王立民著.-北京:国防工业出版社,2013.06
    129页:图;21cm.-(博士点基金项目科研成果丛书.材料类)
    使用对象:准晶材料储氢研究相关人员
    
    ISBN 978-7-118-08857-1:CNY48.00
    本书主要以Ti-Zr-Ni-Cu和Ti-V-Ni准晶为初始材料,重点研究准晶复相材料的电化学储氢性能;主要内容包括:实验部分、Ti-Zr系准晶电极的电化学储氢性能、Ti-Zr-Ni系准晶电极材料的电化学储氢特征等。
●
相关链接 在E读中查询图书 在五车中查询图书 在当当中查询图书 在豆瓣中查询图书


正题名:准晶材料储氢研究     索取号:TG139/50         预约/预借

序号 登录号 条形码 馆藏地/架位号 状态 备注
1 548777   205487775   第二样本阅览室/ [索取号:TG139/50] 在馆    
2 548778   205487784   第三借阅区/ [索取号:TG139/50] 在馆    
3 548779   205487793   密集书库-化学系/ [索取号:TG139/50] 在馆    
唐山师范学院图书馆 欢迎您!
大连网信软件有限公司© 版权所有